LEADER 01075nam0-22002891i-450- 001 990006320740403321 005 19980601 035 $a000632074 035 $aFED01000632074 035 $a(Aleph)000632074FED01 035 $a000632074 100 $a19980601d1948----km-y0itay50------ba 105 $a--------00-yy 200 1 $a<>Mouvement Theologique du XIIe Siecle sa preparation lointaine et autour de Pierre Lombard ses rapports avec les initiatives des canonistes$eetudes, recherches et documents$fJ. deGhellinck. 205 $a12. ed. considerablement augmentee - 210 $aBruges$cEditions "De Tempel"$d1948 215 $aXV,, 595 p.$d25 cm 676 $a262.9 700 1$aGhellinck,$bJoseph de$f<1872-1950>$0180657 801 0$aIT$bUNINA$gRICA$2UNIMARC 901 $aBK 912 $a990006320740403321 952 $aIII L 22$b29837$fFGBC 959 $aFGBC 996 $aMouvement Theologique du XIIe Siecle sa preparation lointaine et autour de Pierre Lombard ses rapports avec les initiatives des canonistes$9655337 997 $aUNINA DB $aGIU01 LEADER 02855nam 22005534a 450 001 9910830163103321 005 20230829000949.0 010 $a1-280-51928-2 010 $a9786610519286 010 $a0-470-09212-2 010 $a0-470-09211-4 035 $a(CKB)1000000000356550 035 $a(EBL)267167 035 $a(OCoLC)123080824 035 $a(SSID)ssj0000112209 035 $a(PQKBManifestationID)11128976 035 $a(PQKBTitleCode)TC0000112209 035 $a(PQKBWorkID)10087745 035 $a(PQKB)11548213 035 $a(MiAaPQ)EBC267167 035 $a(EXLCZ)991000000000356550 100 $a20060214d2006 uy 0 101 0 $aeng 135 $aur|n|---||||| 181 $ctxt 182 $cc 183 $acr 200 00$aBiomineralization$b[electronic resource] $emedical aspects of solubility /$f[edited by] Erich Ko?nigsberger and LanChi Ko?nigsberger 210 $aChichester, England ;$aHoboken, NJ $cJ. Wiley$dc2006 215 $a1 online resource (312 p.) 300 $aDescription based upon print version of record. 311 $a0-470-09209-2 320 $aIncludes bibliographical references and index. 327 $aSolubility phenomena related to normal and pathological biomineralization processes / Erich Ko?nigsberger and LanChi Ko?nigsberger -- Mechanisms of renal and salivary calculi formation and development / Fe?lix Grases and Antonia Costa-Bauza? -- Calcium and magnesium phosphates : normal and pathological mineralization / Clara F. Magalha?es, Paula A.A.P. Marques, and Rui N. Correia -- Relevance of a polymer-induced liquid-precursor (PILP) mineralization process to normal and pathological biomineralization / Fairland F. Amos ... [et al.] -- Pathological biomineralization of iron / Wanida Chua-anusorn and Timothy G. St. Pierre. 330 $aThis title takes an interdisciplinary approach to the central role of solubility in pathological biomineralisation, ranging from traditional thermodynamics and kinetics to unusual concepts such as the PILP process. The scientific background and expertise of the contributors, ranges accordingly from solubility modelling and database development, renal stone and bone implant research, Mo?ssbauer spectroscopy and structural chemistry to biochemistry and crystallisation. The chapters all have a quantitative, physico-chemical component rather than giving purely phenomenological descriptions. The con 606 $aBiomineralization 615 0$aBiomineralization. 676 $a572.51 676 $a612.01524 676 $a612/.01524 701 $aKo?nigsberger$b Erich$01611269 701 $aKo?nigsberger$b LanChi$01611270 801 0$bMiAaPQ 801 1$bMiAaPQ 801 2$bMiAaPQ 906 $aBOOK 912 $a9910830163103321 996 $aBiomineralization$93939440 997 $aUNINA